Score 0/42 Timer 07:00
1 Play Today
Twisted Title Original Title % Correct
Withering WeightsWuthering Heights
86.6%
Slack BeastyBlack Beauty
81.8%
Tittle WokenLittle Women
81.7%
Invisibly TanInvisible Man
76.1%
I Take On Tao CutiesA Tale of Two Cities
76%
Lard If She FriesLord of the Flies
75.8%
OK Nice Ant ManOf Mice and Men
70.7%
Thongs Call AportThings Fall Apart
70.1%
Sanity FailVanity Fair
70%
Is Coed BlondIn Cold Blood
68.2%
Brake Ned WouldBrave New World
63.8%
Acne Or Greek FablesAnne of Green Gables
63.5%
Gold FountainCold Mountain
60.3%
Rabbis, FunRabbit, Run
58.7%
Now MoanNew Moon
55.1%
Break HorseBleak House
54.7%
Watching FirsCatching Fire
54.4%
Mom JokesTom Jones
52.2%
Lob SoyRob Roy
50.7%
Loud JamLord Jim
49.7%
Silks MarkerSilas Marner
48.7%
Twisted Title Original Title % Correct
Tie TriadThe Trial
46.1%
Sobs Aid LosersSons and Lovers
45.1%
Che WatchesThe Witches
43.7%
Elder's GazeEnder's Game
41.6%
RiotsRoots
40.8%
LightNight
40.1%
X Studs On StarletA Study in Scarlet
39.2%
DoneDune
39%
Bar Any PlaceWar And Peace
39%
Thy RiverThe Giver
37.4%
She Heard It O Lovely HungerThe Heart Is a Lonely Hunter
35.1%
Sever Lit We DoNever Let Me Go
34.4%
Named BunchNaked Lunch
33.6%
Tee HeapThe Help
30.4%
Food OvensGood Omens
29.5%
HimKim
27%
Toe StankThe Stand
21.5%
No Asp AliveGo Ask Alice
17.5%
Mead SoupsDead Souls
14.9%
Wish FloodWise Blood
12.9%
Tale FivePale Fire
6.8%
Remove Ads.
Support Sporcle.
Get the best of Sporcle when you Go Orange. This ad-free experience offers more features, more stats, and more fun while also helping to support Sporcle. Thank you for becoming a member.

You're not logged in!

Compare scores with friends on all Sporcle quizzes.
OR
Log In

Show Comments

Extras

Top Quizzes Today


Score Distribution

Your Account Isn't Verified!

In order to create a playlist on Sporcle, you need to verify the email address you used during registration. Go to your Sporcle Settings to finish the process.

Report this User

Report this user for behavior that violates our Community Guidelines.

Details: